Croods characters - Statistics

General Stats
  • This quiz has been taken 158 times
  • The average score is 9 of 10
Answer Stats
Question Answer % Correct
The baby in the movie Sandy
97%
The animal attach to the smart Guy Belt
93%
The stupid one Thunk
92%
The strongest person in the movie Grug
91%
The person with all the ideas Guy
87%
The on who dresses like a lizard Granny
85%
The person that doesn't listen Epe
81%
What does Grug care the most about Family
79%
Has a relationship with #1 Mom
79%
What is the first that comes to Grug Caves
66%
No matching quizzes found
Score Distribution
Percent of People with Each Score
Percentile by Number Answered
Your Score History
You have not taken this quiz